UM Logo

Investment management/ (Record no. 4515)

MARC details
000 -LEADER
fixed length control field 00625nam a2200193 4500
008 - FIXED-LENGTH DATA ELEMENTS--GENERAL INFORMATION
fixed length control field 160914b xxu||||| |||| 00| 0 eng d
020 ## - INTERNATIONAL STANDARD BOOK NUMBER
International Standard Book Number 0-471-49237-X
082 ## - DEWEY DECIMAL CLASSIFICATION NUMBER
Edition number 2001
Classification number DC 332.6
Item number L82i
100 ## - MAIN ENTRY--PERSONAL NAME
9 (RLIN) 14542
Personal name Lofthouse, Stephen
245 ## - TITLE STATEMENT
Title Investment management/
Statement of responsibility, etc. Stephen Lofthouse.
250 ## - EDITION STATEMENT
Edition statement 2nd edition
260 ## - PUBLICATION, DISTRIBUTION, ETC. (IMPRINT)
Place of publication, distribution, etc. Chichester:
Name of publisher, distributor, etc. John Wiley & Sons,
Date of publication, distribution, etc. c2001.
300 ## - PHYSICAL DESCRIPTION
Extent x, 589 pages;
Dimensions 24 cm.
500 ## - GENERAL NOTE
General note Includes bibliographical references and index.
650 #0 - SUBJECT ADDED ENTRY--TOPICAL TERM
9 (RLIN) 14543
Topical term or geographic name as entry element Investments
General subdivision Management
650 #0 - SUBJECT ADDED ENTRY--TOPICAL TERM
9 (RLIN) 14544
Topical term or geographic name as entry element Portfolio management
650 #0 - SUBJECT ADDED ENTRY--TOPICAL TERM
9 (RLIN) 14545
Topical term or geographic name as entry element Investment analysis
942 ## - ADDED ENTRY ELEMENTS (KOHA)
Source of classification or shelving scheme Dewey Decimal Classification
Koha item type Circulation
Holdings
Withdrawn status Lost status Source of classification or shelving scheme Damaged status Not for loan Collection code Home library Current library Date acquired Source of acquisition Total Checkouts Full call number Barcode Date last seen Price effective from Koha item type
    Dewey Decimal Classification     Circulation UM Digos College - LIC UM Digos College - LIC 09/24/2007 Photocopied   DC 332.6 L82i 2001 19263 04/14/2025 09/14/2016 Circulation